000 01028nam a2200301 c 4500
003 BLK
005 20250628103112.0
008 180412b bul|||||r ||||||| ||bul||
010 _aKNG00014813000
040 _aBLK
041 _aBUL
_cBUL
080 _aАмериканска литература (на САЩ)
_b821.111(73)
_x-312.6
_z821.111(73)-312.6
100 1 _aМилър, Инет
_eпърви автор
_9258139
139 _aМилър, Инет
_bМ 61
245 1 0 _aВзривени мостове
_b[Автобиогр. роман]
_cИнет Милър.
257 _aUSA
260 София
_bЕмас
_c1996
300 _a235 с.
_c20 см
380 _aX
490 1 _aПреживяно
500 _aОриг. загл. Burned Bridges / Inette Miller. - 4 000 тир.
852 _aЦб 189712
856 4 _qpdf
_u
856 4 _qpdf
_u
942 _cKNG
_n0
_07
944 _aCR
_c15.01.2003
_k30570
_lМоника Янева
944 _aED
_c14.12.2016
_kИвелин_Попов
999 _c13185
_d13185